000
00483nam a2200181Ia 4500
008
090124s9999 xx 000 0 und d
082
_b
103535
100
_a
केळकर न. चि.
245
_a
वाग्विलास
250
_a
1
260
_c
1950
300
_a
154
600
_a
केळकर न. चि.
630
_a
वाग्विलास
700
_a
केळकर न. चि.
730
_a
वाग्विलास
942
_c
BOOK
999
_c
149627
_d
149627